| 000 | 00351nam a2200133Ia 4500 | ||
|---|---|---|---|
| 008 | 150201s2009 xx 000 0 und d | ||
| 082 |
_a616.07 _bE09K |
||
| 100 | _aKUMAR,N | ||
| 245 | _aEDUCATIONAL TECHNOLOGY THEORY & PRACTICES | ||
| 250 | _a1ST | ||
| 260 |
_bAITBS _aDELHI _c2009 |
||
| 650 | _aOTHER CLINICAL & NON CLINICAL BOOKS | ||
| 942 |
_2ddc _cBK _01 |
||
| 999 |
_c1149 _d1149 |
||